| 000 | 00958nas a2200253 i 4500 | ||
|---|---|---|---|
| 005 | 20260219135115.0 | ||
| 008 | 260219d su uu|j| |||| 00| 0 ara d | ||
| 017 |
_a3391 _d22 |
||
| 040 |
_aEG-GICUC _cEG-GICUC _dEG-GICUC _erda |
||
| 082 | 0 | 4 |
_a343 _221 |
| 245 | 0 | 0 |
_aمجلة البحوث الأمنية. _nأغسطس 2020 / |
| 264 | 0 | 1 |
_aالرياض : _bمركز البحوث والدراسات-كلية الملك فهد الأمنية، _c2020 - |
| 300 |
_aمجلد ؛ _c26 سم. |
||
| 336 |
_2rda content _aText |
||
| 337 |
_2rda media _aunmediated |
||
| 338 |
_2rda carrier _avolume |
||
| 362 | 0 | _a. | |
| 500 | _aتعني بنشر البحوث والدراسات العلمية في مجالات الأمن بمفهومة الشامل. | ||
| 500 | _aالمجلد 29: العدد 77. | ||
| 650 | 0 | 4 |
_aالقانون الجنائي _vدوريات |
| 856 | _uhttps://fll.law.cu.edu.eg/fulltext/cr/S10-00518.pdf | ||
| 905 | _a9 | ||
| 942 |
_2ddc _cCR _n0 |
||
| 999 |
_c63834 _d63834 |
||